The Best Test Preparation of The Graduate Record Examination GRE Engineering (Record no. 23699)
[ view plain ]
| 000 -LEADER | |
|---|---|
| fixed length control field | 00147nam a22000617a 4500 |
| 003 - CONTROL NUMBER IDENTIFIER | |
| control field | Nust |
| 005 - DATE AND TIME OF LATEST TRANSACTION | |
| control field | 20170608104403.0 |
| 008 - FIXED-LENGTH DATA ELEMENTS--GENERAL INFORMATION | |
| fixed length control field | 140101b xxu||||| |||| 00| 0 eng d |
| 040 ## - CATALOGING SOURCE | |
| Original cataloging agency | DLC |
| Language of cataloging | DLC |
| Transcribing agency | RCMS |
| 050 ## - LIBRARY OF CONGRESS CALL NUMBER | |
| Classification number | 620.007FOG |
| 082 ## - DEWEY DECIMAL CLASSIFICATION NUMBER | |
| Classification number | 620.007 FOG |
| 100 ## - MAIN ENTRY--PERSONAL NAME | |
| Personal name | Fogiel Dr |
| 9 (RLIN) | 2211 |
| 245 ## - TITLE STATEMENT | |
| Title | The Best Test Preparation of The Graduate Record Examination GRE Engineering |
| 260 ## - PUBLICATION, DISTRIBUTION, ETC. | |
| Place of publication, distribution, etc. | |
| Name of publisher, distributor, etc. | Research & Education Assoication |
| 300 ## - PHYSICAL DESCRIPTION | |
| Extent | xii,614,p: |
| Other physical details | ill: |
| Dimensions | 26,cm. |
| 538 ## - SYSTEM DETAILS NOTE | |
| Display text | Shelf No 1 Row No 4 |
| 650 ## - SUBJECT ADDED ENTRY--TOPICAL TERM | |
| Topical term or geographic name entry element | GRE Engineering |
| 9 (RLIN) | 2212 |
| 856 ## - ELECTRONIC LOCATION AND ACCESS | |
| Materials specified | Table of content only |
| 942 ## - ADDED ENTRY ELEMENTS (KOHA) | |
| Source of classification or shelving scheme | |
| Koha item type | Book |
| Withdrawn status | Lost status | Source of classification or shelving scheme | Damaged status | Not for loan | Permanent Location | Current Location | Shelving location | Date acquired | Full call number | Barcode | Date last seen | Price effective from | Koha item type |
|---|---|---|---|---|---|---|---|---|---|---|---|---|---|
| NUST Baluchistan Campus (NBC) | NUST Baluchistan Campus (NBC) | General Stacks | 01/01/2014 | 620.007 FOG | RCMS001922 | 01/01/2014 | 01/01/2014 | Book |
